000 00743nam a22002057a 4500
005 20251108175111.0
008 250721s2013 xx 000 0 ara d
082 1 4 _aم/210.421773/ناظ
100 1 _aالناظوري، حسين مختاري
245 1 0 _aالإشاعة في السلم و الحرب - تاريخها - أنواعها - أساليبها - وأحكامها الشرعية /
264 1 _aلبنان :
_bمؤسسة الرسالة ناشرون،
_c2013.
300 _a304ص.
500 _aأصل الكتاب رسالة ماجستير للمؤلف
650 1 7 _aالاسلام
650 1 7 _aالاحكام الشرعية
650 1 7 _aالإشاعة
650 1 7 _aالحرب
942 _2ddc
_cREF
999 _c126174
_d126174